Obra completa : Ensayos /

Ernesto Sabato dijo, hace cincuenta años, que sus ensayos eran "la reflexión inevitable de un hombre de nuestro tiempo" y que sólo pretendía que fueran leídos como una suerte de autobiografía espiritual. Sin duda resulta hoy difícil deslindar al genial hombre de letras en que se convertiría Sabato d...

Full description

Bibliographic Details
Main Author: Sábato, Ernesto 1911-
Other Authors: Ibarlucía, Ricardo (ed.)
Format: Libro
Language:Spanish
Published: Buenos Aires Seix Barral 2007
Edition:4a. ed.
Subjects:
Online Access:

MARC

LEADER 00000cam a2200000 a 4500
001 025697
003 UAHC_CL
005 20170803122544.0
008 080529s2007 ag 000 spa
020 |a 9789507311536 
040 |a UAHC_CL  |c UAHC_CL  |d UAHC_CL 
082 0 4 |a Ar864  |b S113  |2 20 
100 1 |a Sábato, Ernesto  |d 1911- 
245 1 0 |a Obra completa :  |b Ensayos /  |c Ernesto Sabato; Edición a cargo de Ricardo Ibarlucía. 
250 |a 4a. ed. 
260 |b Seix Barral  |a Buenos Aires  |c 2007 
300 |a 784 p. 
505 0 |a Uno y el uni- verso.-- Hombres y engranajes.-- Hete- rodoxia.-- El escritor y sus fantasmas.-- Apologías y rechazos.-- Entre la letra y la sangre. Conversaciones con Carlos Catania. 
520 |a Ernesto Sabato dijo, hace cincuenta años, que sus ensayos eran "la reflexión inevitable de un hombre de nuestro tiempo" y que sólo pretendía que fueran leídos como una suerte de autobiografía espiritual. Sin duda resulta hoy difícil deslindar al genial hombre de letras en que se convertiría Sabato de aquel humanista furiosos y desencantado de la ciencia que tomó la palabra para denunciar los falsos progresos de la ciencia y la reciente preeminencia de la técnica sobre el hombre en la sociedad contemporánea. Esta selección de las obras completas de Ernesto Sabato contiene los siguientes libros de ensayo: "Uno y el uni- verso" (1945), "Hombres y engranajes" (1951), "Hete- rodoxia" (1953), "El escritor y sus fantasmas"(1963), "Apologías y rechazos" (1979) y "Entre la letra y la sangre. Conversaciones con Carlos Catania" (1988). Se incluye además un anexo con diferentes artículos publicados en libros, periódicos y revistas de gran valor documental. 
521 |a Introducción a la literatura 
650 4 |a ENSAYOS ARGENTINOS 
653 |a PEDAGOGIA EN LENGUA CASTELLANA Y COMUNICACION 
658 |a Ojeda, Sergio 
700 1 |a Ibarlucía, Ricardo  |e ed. 
900 |a Ar864 SAB 
942 |c BK 
952 |0 0  |1 0  |4 0  |6 AR_864_000000000000000_SAB  |7 0  |8 General  |9 52132  |a BC  |b BC  |c General  |d 2017-08-03  |l 1  |m 1  |o Ar864 SAB  |p 1363378  |r 2025-11-26 00:00:00  |s 2023-10-10  |t 1  |w 2017-08-03  |y BK 
952 |0 0  |1 0  |4 0  |6 AR_864_000000000000000_SAB  |7 0  |8 COMP  |9 52133  |a BS  |b BS  |c General  |d 2017-08-03  |l 1  |o Ar864 SAB  |p 1410217  |r 2025-11-26 00:00:00  |s 2024-08-26  |t 1  |w 2017-08-03  |y BKL 
999 |c 25697  |d 25697